000 01027nam0a22003251 4500
001 v19\rc\1939309
005 20251118180828.7
035 _a(NLR Aleph) 005025992
090 _a6639958
_c6639958
100 _a20080404d1913 |||y0rusy50 ca
101 0 _arus
102 _aRU
105 _ay z |||a|
200 1 _aСтихотворения и миниатюры
_fА.Л.Ф. (Искандер)
210 _aСимферополь
_cтип. насл. Б. Бреского
_d1913
215 _a47 с.
_d21
309 _aБез тит. л.
316 _aЭкз. РНБ (130/4881): деф.: отсутствует обл.
_5NLR: 130/4881
700 1 _aАлиханов-Искандер
_bА. Г.
790 0 _aА.Л.Ф. (Искандер)
790 1 _aИскандер
_bА. Г.
801 0 _aRU
_bNLR
_gpsbo
801 0 _aRU
_bRuMoRGB
_2psbo
801 1 _aRU
_bProSoft-M
_2rusmarc
852 _aNLR
_j37.54.5.148
852 _aNLR
_j130/4881
899 _aRuMoRGB
_jV 35/906
899 _aБАН
942 _cBOOK
980 _aNB